[Event "1er 0pen des Pays de Champagne - open A"]
[Site "Recy"]
[Date "2010.05.15"]
[Round "6.2"]
[White "Mancini, Mario"]
[Black "Delmont, Jean Robert"]
[Result "1/2-1/2"]
[WhiteElo "2242"]
[BlackElo "1974"]
[PlyCount "103"]
[EventDate "2010.05.??"]
[EventType "swiss"]
[EventRounds "6"]
[EventCountry "FRA"]

1. d4 Nf6 2. c4 c5 3. d5 e5 4. Nc3 d6 5. e4 Be7 6. h4 Na6 7. g3 Nc7 8. a3 Bd7
9. Bd3 O-O 10. Kf1 Rb8 11. Kg2 b5 12. b3 a6 13. Nge2 Qc8 14. Qc2 Nfe8 15. Bd2
f5 16. exf5 Bxf5 17. Bxf5 Qxf5 18. Qxf5 Rxf5 19. Ne4 Nf6 20. N2c3 Nce8 21. Rhb1
Nxe4 22. Nxe4 Nf6 23. Ng5 Nd7 24. Ne6 Bd8 25. a4 b4 26. f4 h5 27. Re1 Bf6 28.
Ra2 Rb7 29. Bc1 Nf8 30. Ng5 Bxg5 31. hxg5 Ng6 32. fxe5 Nxe5 33. Bf4 Nd3 34. Re4
Nxf4+ 35. gxf4 Rbf7 36. Kg3 Kf8 37. Rae2 g6 38. Re8+ Kg7 39. R2e4 h4+ 40. Kxh4
Rxf4+ 41. Rxf4 Rxf4+ 42. Kg3 Rd4 43. Rd8 Rd3+ 44. Kf4 Rxb3 45. Rd7+ Kf8 46.
Rxd6 Rc3 47. Rxa6 Rxc4+ 48. Ke5 b3 49. Ra8+ Kf7 50. Ra7+ Kf8 51. Ra8+ Kf7 52.
Ra7+ 1/2-1/2

[Event "1er 0pen des Pays de Champagne - open A"]
[Site "Recy"]
[Date "2010.05.15"]
[Round "6.3"]
[White "Rouffignac, Tanguy"]
[Black "Defrance, Laurent"]
[Result "1/2-1/2"]
[WhiteElo "1897"]
[BlackElo "2199"]
[PlyCount "24"]
[EventDate "2010.05.??"]
[EventType "swiss"]
[EventRounds "6"]
[EventCountry "FRA"]

1. e4 g6 2. d4 Bg7 3. Nc3 d6 4. f4 Nd7 5. Nf3 e6 6. Be3 Ne7 7. Bd3 a6 8. O-O b5
9. f5 exf5 10. exf5 Nf6 11. fxg6 hxg6 12. Bg5 Bf5 1/2-1/2

[Event "1er 0pen des Pays de Champagne - open A"]
[Site "Recy"]
[Date "2010.05.15"]
[Round "6.4"]
[White "Beranger, Nicolas"]
[Black "Guillart, Johan"]
[Result "1-0"]
[WhiteElo "2180"]
[BlackElo "1810"]
[PlyCount "69"]
[EventDate "2010.05.??"]
[EventType "swiss"]
[EventRounds "6"]
[EventCountry "FRA"]

1. e4 e6 2. d4 d5 3. Nd2 c5 4. c3 Nc6 5. exd5 exd5 6. dxc5 Bxc5 7. Nb3 Qe7+ 8.
Be2 Nf6 9. Nxc5 Qxc5 10. Be3 Qa5 11. Nf3 Be6 12. O-O O-O 13. Nd4 Qc7 14. Bf3 a6
15. Re1 Na5 16. Bg5 Rfe8 17. Bxf6 gxf6 18. Bg4 f5 19. Nxf5 Qf4 20. g3 Qg5 21.
h4 Qg6 22. Qf3 Nc4 23. Qf4 Bxf5 24. Bxf5 Qg7 25. h5 h6 26. b3 Ne5 27. Re3 f6
28. Rae1 Re7 29. Kg2 b5 30. Qd4 Rd8 31. f4 Nc6 32. Rxe7 Nxe7 33. Be6+ Kh8 34.
Qb6 f5 35. Qxd8+ 1-0

[Event "1er 0pen des Pays de Champagne - open A"]
[Site "Recy"]
[Date "2010.05.15"]
[Round "6.5"]
[White "Barreaud, Samuel"]
[Black "Zeroual, Mohamed"]
[Result "1/2-1/2"]
[WhiteElo "1860"]
[BlackElo "1945"]
[PlyCount "42"]
[EventDate "2010.05.??"]
[EventType "swiss"]
[EventRounds "6"]
[EventCountry "FRA"]

1. e4 c5 2. Nf3 Nc6 3. d4 cxd4 4. Nxd4 Nf6 5. Nc3 e6 6. Nb3 a6 7. a4 Qc7 8. g3
b6 9. Bg2 Bb7 10. O-O h5 11. f4 b5 12. axb5 axb5 13. Rxa8+ Bxa8 14. e5 Ng4 15.
Nxb5 Qb6+ 16. N5d4 Nh6 17. Kh1 h4 18. g4 h3 19. Be4 Nxg4 20. Qxg4 Nxd4 21. Bxa8
Qa6 1/2-1/2

[Event "1er 0pen des Pays de Champagne - open A"]
[Site "Recy"]
[Date "2010.05.15"]
[Round "6.6"]
[White "Barat, Jacques"]
[Black "Petit, Christian Marie"]
[Result "1-0"]
[WhiteElo "1810"]
[BlackElo "1790"]
[PlyCount "97"]
[EventDate "2010.05.??"]
[EventType "swiss"]
[EventRounds "6"]
[EventCountry "FRA"]

1. d4 d5 2. c4 e5 3. e3 Bb4+ 4. Bd2 Bxd2+ 5. Qxd2 exd4 6. Qxd4 Nf6 7. Nc3 Nc6
8. Qc5 Ne7 9. cxd5 O-O 10. Rd1 b6 11. Qb5 a6 12. Qb3 Bb7 13. e4 Re8 14. Be2 Ng6
15. Bf3 Nf4 16. Kf1 a5 17. Qc2 Ba6+ 18. Nge2 Qe7 19. g3 Nxe2 20. Bxe2 Bxe2+ 21.
Qxe2 Nxe4 22. Nxe4 Qxe4 23. Qxe4 Rxe4 24. f3 Re5 25. Kf2 Rd8 26. Rhe1 Rxe1 27.
Kxe1 Kf8 28. Ke2 Ke7 29. Ke3 c6 30. Ke4 f6 31. a4 c5 32. Rd3 g6 33. Rb3 Rb8 34.
h4 Kd6 35. g4 h6 36. Rb5 Re8+ 37. Kd3 Rb8 38. Kc4 Ke5 39. Rb3 Rd8 40. Re3+ Kf4
41. Re6 Kxf3 42. Rxf6+ Kxg4 43. Rxg6+ Kxh4 44. Rxh6+ Kg5 45. Rxb6 Rc8 46. Rb5
Kf6 47. Rxa5 Ke5 48. Rxc5 Rh8 49. b4 1-0

[Event "1er 0pen des Pays de Champagne - open A"]
[Site "Recy"]
[Date "2010.05.15"]
[Round "6.7"]
[White "Parisot, Anthony"]
[Black "Gaubert, Virginie"]
[Result "1/2-1/2"]
[WhiteElo "1657"]
[BlackElo "1664"]
[PlyCount "30"]
[EventDate "2010.05.??"]
[EventType "swiss"]
[EventRounds "6"]
[EventCountry "FRA"]

1. d4 Nf6 2. c4 c5 3. d5 e6 4. Nf3 exd5 5. cxd5 d6 6. Nc3 g6 7. e4 Bg7 8. Be2
O-O 9. O-O Re8 10. Nd2 a6 11. a4 Nbd7 12. f3 Ne5 13. Re1 Rb8 14. Rb1 Nh5 15.
Bf1 Bd7 1/2-1/2

[Event "1er 0pen des Pays de Champagne - open A"]
[Site "Recy"]
[Date "2010.05.15"]
[Round "6.8"]
[White "Digot, Jeremy"]
[Black "Louis, Andre"]
[Result "1-0"]
[WhiteElo "1610"]
[BlackElo "1838"]
[PlyCount "47"]
[EventDate "2010.05.??"]
[EventType "swiss"]
[EventRounds "6"]
[EventCountry "FRA"]

1. d4 d6 2. e4 g6 3. Nc3 Bg7 4. Nf3 Nd7 5. Be2 e6 6. Be3 Ne7 7. Qd2 h6 8. e5
dxe5 9. dxe5 Nxe5 10. Qxd8+ Kxd8 11. O-O-O+ Ke8 12. Nb5 Nd5 13. Rxd5 exd5 14.
Nxc7+ Ke7 15. Nxa8 Nxf3 16. Bxf3 d4 17. Bf4 Rd8 18. Re1+ Kf8 19. Nc7 Kg8 20.
Re8+ Rxe8 21. Nxe8 g5 22. Nxg7 g4 23. Be4 Kxg7 24. Be5+ 1-0

[Event "1er 0pen des Pays de Champagne - open A"]
[Site "Recy"]
[Date "2010.05.15"]
[Round "6.9"]
[White "Rodier, Patrick"]
[Black "Dhaynaut, Gilles"]
[Result "0-1"]
[WhiteElo "1430"]
[BlackElo "1730"]
[PlyCount "88"]
[EventDate "2010.05.??"]
[EventType "swiss"]
[EventRounds "6"]
[EventCountry "FRA"]

1. e4 d5 2. exd5 Nf6 3. d4 Bg4 4. Be2 Bxe2 5. Qxe2 Qxd5 6. Nf3 Nc6 7. Nc3 Qh5
8. Be3 e6 9. O-O-O O-O-O 10. Kb1 h6 11. h3 Qa5 12. Rhe1 Bb4 13. Bd2 Nxd4 14.
Nxd4 Rxd4 15. Qe3 Rhd8 16. Qe2 g5 17. f3 Bxc3 18. Bxc3 Rxd1+ 19. Rxd1 Rxd1+ 20.
Qxd1 Qd5 21. Qe2 Nh5 22. Be5 f6 23. Bh2 e5 24. g4 Nf4 25. Bxf4 gxf4 26. c4 Qd4
27. Kc2 c5 28. Qd3 Qxd3+ 29. Kxd3 Kd7 30. Kc3 Kd6 31. Kd3 a6 32. b3 Kc6 33. Ke4
b5 34. Kd3 Kb6 35. a3 bxc4+ 36. Kxc4 a5 37. Kd3 Kb5 38. h4 a4 39. bxa4+ Kxa4
40. Kc4 Kxa3 41. Kxc5 e4 42. fxe4 f3 43. Kd4 f2 44. Ke3 f1=Q 0-1

[Event "Hauts-de-Seine Ch"]
[Site "Clichy"]
[Date "2010.03.21"]
[Round "?"]
[White "Sudre, Christophe"]
[Black "Voituron, Francois"]
[Result "1-0"]
[WhiteElo "2150"]
[BlackElo "1672"]
[PlyCount "85"]
[EventDate "2010.??.??"]
[EventType "swiss"]
[EventCountry "FRA"]

1. e4 d5 2. exd5 Qxd5 3. d4 Nc6 4. Nf3 Bg4 5. Be2 O-O-O 6. c3 f6 7. O-O g5 8.
Nbd2 Bf5 9. Nc4 Be4 10. Ne3 Qf7 11. Nd2 Bg6 12. Bf3 Qe8 13. Qa4 Nxd4 14. Qxa7
Nxf3+ 15. Nxf3 c6 16. a4 e6 17. Nc4 Bd3 18. Qa8+ Kc7 19. Qa5+ Kb8 20. Rd1 Rd5
21. Qb6 Bxc4 22. Be3 Ba6 23. b4 Ne7 24. Qa7+ Kc8 25. c4 Nf5 26. cxd5 exd5 27.
b5 Nxe3 28. fxe3 cxb5 29. Qa8+ Kd7 30. Rxd5+ Bd6 31. Qxe8+ Rxe8 32. axb5 Ke6
33. Rxd6+ Kxd6 34. bxa6 bxa6 35. Rxa6+ Kd5 36. Kf2 Rf8 37. Ke2 h5 38. Kd3 h4
39. h3 Rf7 40. Ra5+ Kd6 41. Nd4 Rf8 42. Ra6+ Ke5 43. Re6+ 1-0

[Event "TOP 16 Jeunes "]
[Site "Agneaux"]
[Date "2010.05.22"]
[Round "8.1"]
[White "Sochacki, Christophe"]
[Black "Neri, Jean Baptiste"]
[Result "1-0"]
[WhiteElo "2343"]
[BlackElo "2004"]
[PlyCount "145"]
[EventDate "2010.05.23"]
[EventType "team-match"]
[EventCountry "FRA"]

1. e4 c5 2. Nf3 d6 3. Bb5+ Bd7 4. Bxd7+ Qxd7 5. O-O Nc6 6. c3 g6 7. d4 cxd4 8.
cxd4 Bg7 9. Nc3 Nf6 10. Bg5 O-O 11. Re1 e5 12. dxe5 dxe5 13. Nd5 Nxd5 14. exd5
Nd4 15. Nxd4 exd4 16. Qb3 Rfe8 17. f3 Re5 18. Rxe5 Bxe5 19. Re1 Re8 20. Kf2 Qf5
21. Bd2 Rc8 22. Re4 Bxh2 23. g3 Qh3 24. f4 h5 25. d6 h4 26. gxh4 Qxh4+ 27. Kg2
Kg7 28. Qh3 Qxh3+ 29. Kxh3 Bg1 30. Re7 Rd8 31. Bb4 d3 32. Re1 Bd4 33. Rd1 Bxb2
34. Rxd3 Rd7 35. Rd2 Bf6 36. Re2 a5 37. Ba3 b5 38. Bc5 b4 39. Re7 Rd8 40. Ra7
Rc8 41. Rxa5 Rb8 42. Kg2 b3 43. axb3 Rxb3 44. Kf2 g5 45. fxg5 Bxg5 46. Bd4+ Bf6
47. Rg5+ Kh6 48. Bxf6 Rd3 49. Be7 Rxd6 50. Rg3 Rg6 51. Bf8+ Kh7 52. Ra3 f6 53.
Kf3 Kg8 54. Bc5 Kf7 55. Kf4 Rg5 56. Bd4 Rd5 57. Bb2 Ke6 58. Ke4 f5+ 59. Kf4 Rb5
60. Ra6+ Kd7 61. Be5 Rb1 62. Kxf5 Rf1+ 63. Ke4 Rd1 64. Bd4 Rh1 65. Kd5 Kc8 66.
Ra7 Kb8 67. Rf7 Rc1 68. Bc5 Re1 69. Kd6 Re8 70. Kc6 Ka8 71. Ra7+ Kb8 72. Ra2
Re6+ 73. Bd6+ 1-0

[Event "TOP 16 Jeunes "]
[Site "Agneaux"]
[Date "2010.05.22"]
[Round "8.2"]
[White "Giroyan, Gary"]
[Black "Eden, James"]
[Result "1-0"]
[WhiteElo "2220"]
[BlackElo "2070"]
[PlyCount "97"]
[EventDate "2010.05.23"]
[EventType "team-match"]
[EventCountry "FRA"]

1. e4 e5 2. Nf3 Nc6 3. Bb5 a6 4. Ba4 Nf6 5. O-O Be7 6. Re1 b5 7. Bb3 O-O 8. a4
Rb8 9. d3 d6 10. c3 Na5 11. Bc2 c5 12. Nbd2 Nd7 13. d4 exd4 14. cxd4 Nc6 15.
Nf1 Bf6 16. Bf4 Nxd4 17. Bxd6 Nxf3+ 18. gxf3 Bxb2 19. Rb1 Bc3 20. Bxb8 Nxb8 21.
Qxd8 Rxd8 22. Red1 Rxd1 23. Rxd1 Bd4 24. axb5 axb5 25. Bd3 b4 26. Ne3 Nc6 27.
Bb5 Ne5 28. f4 Ng6 29. f5 Nf4 30. Nd5 Nxd5 31. exd5 Bxf5 32. Ba4 f6 33. d6 Kf8
34. d7 Ke7 35. Re1+ Be5 36. f4 Bxd7 37. Bxd7 Kxd7 38. fxe5 fxe5 39. Rxe5 Kd6
40. Re1 Kd5 41. Kf2 Kd4 42. Ke2 c4 43. Kd2 b3 44. Re7 c3+ 45. Kc1 g5 46. Rxh7
Ke3 47. Rh3+ Kf2 48. Rxc3 Kg2 49. h3 1-0

[Event "TOP 16 Jeunes "]
[Site "Agneaux"]
[Date "2010.05.22"]
[Round "8.3"]
[White "Bayart, Jules"]
[Black "Lamard, Guillaume"]
[Result "0-1"]
[WhiteElo "1810"]
[BlackElo "2126"]
[PlyCount "70"]
[EventDate "2010.05.23"]
[EventType "team-match"]
[EventCountry "FRA"]

1. e4 e5 2. Nf3 Nc6 3. Bc4 Bc5 4. c3 Nf6 5. d3 O-O 6. O-O a6 7. Bb3 d6 8. Be3
Ba7 9. Bxa7 Rxa7 10. Re1 Nh5 11. Nbd2 Qf6 12. Nf1 Nf4 13. Ng3 Bg4 14. h3 Nxh3+
15. gxh3 Bxf3 16. Qd2 Raa8 17. Kh2 Ne7 18. Rg1 Kh8 19. Qe3 Qf4 20. Rae1 Rae8
21. Qxf4 exf4 22. Ne2 Bxe2 23. Rxe2 Ng6 24. f3 Ne5 25. Rf2 Nxd3 26. Rfg2 Ne5
27. Bd1 g6 28. h4 f5 29. exf5 Rxf5 30. Rf1 Nc4 31. Re2 Rxe2+ 32. Bxe2 Ne3 33.
Rg1 Rd5 34. Kh3 Rd2 35. Bf1 Rd1 0-1

[Event "TOP 16 Jeunes "]
[Site "Agneaux"]
[Date "2010.05.22"]
[Round "8.4"]
[White "Haussernot, Cecile"]
[Black "Dumas, Charles"]
[Result "1/2-1/2"]
[WhiteElo "1971"]
[BlackElo "1787"]
[PlyCount "80"]
[EventDate "2010.05.23"]
[EventType "team-match"]
[EventCountry "FRA"]

1. e4 c5 2. Nc3 Nc6 3. g3 g6 4. Bg2 Bg7 5. d3 e6 6. f4 d6 7. Nf3 Nge7 8. O-O
O-O 9. Be3 Nd4 10. e5 Nef5 11. Bf2 Nxf3+ 12. Qxf3 Nd4 13. Qd1 dxe5 14. fxe5
Bxe5 15. Ne4 f5 16. Nxc5 Qd6 17. Nb3 Nxb3 18. axb3 Bxb2 19. Rb1 Bd4 20. Qd2 Rb8
21. b4 Bxf2+ 22. Qxf2 b6 23. Ra1 a6 24. Rfb1 b5 25. Qc5 Rd8 26. Ra3 Bb7 27.
Bxb7 Rxb7 28. Rba1 Rb6 29. Qf2 Rc6 30. h4 Qd4 31. Qxd4 Rxd4 32. Rxa6 Rxc2 33.
Rxe6 Rxd3 34. Re7 Rd8 35. Rb7 Rb2 36. Kf1 Rh2 37. Kg1 Rb2 38. Rc1 Ra2 39. Re1
Rb2 40. Rc7 Ra2 1/2-1/2

[Event "TOP 16 Jeunes "]
[Site "Agneaux"]
[Date "2010.05.22"]
[Round "8.5"]
[White "Rodriguez, Adrien"]
[Black "Froment, Theophile"]
[Result "0-1"]
[WhiteElo "1856"]
[BlackElo "1838"]
[PlyCount "83"]
[EventDate "2010.05.23"]
[EventType "team-match"]
[EventCountry "FRA"]

1. d4 Nf6 2. Nf3 g6 3. c4 Bg7 4. Nc3 O-O 5. e4 d6 6. Be2 e5 7. O-O Nc6 8. d5
Ne7 9. Ne1 Nd7 10. Nd3 f5 11. f3 Nf6 12. Be3 f4 13. Bf2 g5 14. h3 Ng6 15. Rc1
h5 16. c5 Rf7 17. cxd6 cxd6 18. Be1 Bf8 19. Nf2 Rg7 20. Qc2 Bd7 21. Bb5 Rc8 22.
Bxd7 Qxd7 23. Qe2 Nh8 24. Bd2 g4 25. hxg4 hxg4 26. fxg4 a6 27. Rfe1 Nxg4 28.
Nxg4 Rxg4 29. Na4 Rxc1 30. Rxc1 Rh4 31. Be1 Rh6 32. Nb6 Qh7 33. Qg4+ Rg6 34.
Qf5 Qg7 35. Rc2 Rf6 36. Qd7 Nf7 37. Qh3 Ng5 38. Qd3 f3 39. Qf1 fxg2 40. Qxg2
Nf3+ 41. Kh1 Rh6+ 42. Qh2 0-1

[Event "TOP 16 Jeunes "]
[Site "Agneaux"]
[Date "2010.05.22"]
[Round "8.6"]
[White "Meunier, Clement"]
[Black "Fraval, Julie"]
[Result "1-0"]
[WhiteElo "1755"]
[BlackElo "1648"]
[PlyCount "59"]
[EventDate "2010.05.23"]
[EventType "team-match"]
[EventCountry "FRA"]

1. e4 c5 2. Nf3 d6 3. d4 cxd4 4. Nxd4 Nf6 5. Nc3 g6 6. f4 Nfd7 7. Be2 Bg7 8.
O-O O-O 9. Be3 Nc6 10. Bf3 Nb6 11. Qd3 Bd7 12. Nd5 Rc8 13. c3 Nxd5 14. exd5
Nxd4 15. Bxd4 Bf5 16. Qe3 Bxd4 17. Qxd4 b6 18. Rfe1 Re8 19. Re3 Qc7 20. Rae1
Qd8 21. Be2 Bd7 22. Rg3 e5 23. Qb4 exf4 24. Qxf4 Bb5 25. Re3 Rxe3 26. Qxe3 Bxe2
27. Qxe2 Kf8 28. Qg4 Qc7 29. Qg5 Re8 30. Qh6+ 1-0

[Event "TOP 16 Jeunes "]
[Site "Agneaux"]
[Date "2010.05.22"]
[Round "8.1"]
[White "Barbaras, Mathieu"]
[Black "Saatdjian, Stephane"]
[Result "1-0"]
[WhiteElo "1957"]
[BlackElo "2009"]
[PlyCount "70"]
[EventDate "2010.05.23"]
[EventType "team-match"]
[EventCountry "FRA"]

1. e4 c5 2. Nf3 d6 3. d4 cxd4 4. Nxd4 Nf6 5. Nc3 g6 6. Be3 Bg7 7. f3 O-O 8. Bc4
Nc6 9. Qd2 Bd7 10. O-O-O Rc8 11. Bb3 Nxd4 12. Bxd4 b5 13. h4 a5 14. h5 a4 15.
Bxf6 exf6 16. Qxd6 axb3 17. Qxd7 Qxd7 18. Rxd7 b4 19. h6 Bh8 20. Nd5 Rxc2+ 21.
Kb1 Re8 22. Nxb4 Rxg2 23. Rhd1 f5 24. Rd8 Rxb2+ 25. Kc1 Kf8 26. e5 Re2 27.
Rxe8+ Kxe8 28. axb3 Bxe5 29. Nc6 Bf4+ 30. Kb1 Rd2 31. Re1+ Kd7 32. Ne5+ Bxe5
33. Rxe5 Rd3 34. f4 Rxb3+ 35. Kc2 Rh3 1-0

[Event "TOP 16 Jeunes "]
[Site "Agneaux"]
[Date "2010.05.22"]
[Round "8.2"]
[White "Msellek, Illyass"]
[Black "Wurtz, Guillaume"]
[Result "1/2-1/2"]
[WhiteElo "2024"]
[BlackElo "1879"]
[PlyCount "60"]
[EventDate "2010.05.23"]
[EventType "team-match"]
[EventCountry "FRA"]

1. d4 Nf6 2. Nf3 g6 3. Nc3 d5 4. Bf4 Bg7 5. Qd2 Ne4 6. Nxe4 dxe4 7. Ne5 Nd7 8.
Nxd7 Qxd7 9. e3 O-O 10. Qc3 c6 11. Be2 Qf5 12. g4 Qd5 13. h3 Be6 14. Qa3 Qd7
15. O-O-O b5 16. Kb1 a5 17. Qc5 Rfe8 18. h4 Qd5 19. Qxd5 Bxd5 20. h5 e5 21.
dxe5 Bxe5 22. Bxe5 Rxe5 23. Rh2 Rd8 24. b3 b4 25. hxg6 hxg6 26. Rdh1 Kg7 27.
Rh7+ Kf6 28. Rh8 Ree8 29. R8h2 g5 30. Rd1 Be6 1/2-1/2

[Event "TOP 16 Jeunes "]
[Site "Agneaux"]
[Date "2010.05.22"]
[Round "8.3"]
[White "Bellahcene, Rayane"]
[Black "Ralaivao, Maxence"]
[Result "1-0"]
[WhiteElo "1789"]
[BlackElo "1826"]
[PlyCount "91"]
[EventDate "2010.05.23"]
[EventType "team-match"]
[EventCountry "FRA"]

1. d4 Nf6 2. c4 g6 3. Nc3 Bg7 4. e4 d6 5. Nf3 O-O 6. Be2 c5 7. dxc5 dxc5 8.
Qxd8 Rxd8 9. O-O Nc6 10. h3 Nd4 11. Nxd4 cxd4 12. Nd5 Nxe4 13. Nxe7+ Kh8 14.
Bf3 Nd6 15. c5 Nc4 16. Bf4 Ne5 17. Bxe5 Bxe5 18. c6 Rb8 19. Nxc8 Rdxc8 20. cxb7
Rc7 21. Rac1 Rcxb7 22. Bxb7 Rxb7 23. Rfe1 Bf6 24. b3 Rd7 25. Rc6 Bg5 26. Rd1 d3
27. Rc3 d2 28. Rc2 Kg7 29. g3 Re7 30. Kf1 Rd7 31. f4 Bf6 32. Rdxd2 Re7 33. g4
Bh4 34. Re2 Rd7 35. Rcd2 Rc7 36. Rd3 Rc1+ 37. Kg2 Rc6 38. Rd7 a5 39. g5 h6 40.
Ree7 Rc2+ 41. Kf3 hxg5 42. Rxf7+ Kg8 43. Rg7+ Kf8 44. fxg5 Bxg5 45. Rdf7+ Ke8
46. Ra7 1-0

[Event "TOP 16 Jeunes "]
[Site "Agneaux"]
[Date "2010.05.22"]
[Round "8.4"]
[White "Stark, Gabriel"]
[Black "Fischer, Julie"]
[Result "0-1"]
[WhiteElo "1758"]
[BlackElo "1741"]
[PlyCount "96"]
[EventDate "2010.05.23"]
[EventType "team-match"]
[EventCountry "FRA"]

1. d4 Nf6 2. c4 g6 3. Nc3 Bg7 4. e4 d6 5. f4 O-O 6. Be2 c5 7. d5 b5 8. cxb5 a6
9. bxa6 Qa5 10. Bd2 Bxa6 11. Bxa6 Qxa6 12. Qc2 Nbd7 13. Nge2 Rfb8 14. O-O c4
15. Be3 Ng4 16. Bf2 Nxf2 17. Rxf2 Nc5 18. Rb1 Nd3 19. Rf3 Qb6+ 20. Kf1 Nb4 21.
Qc1 Nxa2 22. Nxa2 Rxa2 23. Qxc4 Rxb2 24. Rxb2 Qxb2 25. f5 Qa1+ 26. Kf2 Qa7+ 27.
Kg3 Be5+ 28. Kh3 h5 29. Qc1 Kg7 30. fxg6 Qd7+ 31. Rf5 fxg6 32. Qg5 Rb3+ 33. g3
Bf6 34. Qf4 gxf5 35. exf5 Qb5 36. Nd4 Bxd4 37. Qxd4+ Kf7 38. Qe4 Rb4 39. Qe6+
Kf8 40. Qc8+ Qe8 41. Qc3 Rg4 42. Qh8+ Rg8 43. Qh6+ Kf7 44. Qxh5+ Kf6 45. Qh6+
Kxf5 46. Qe6+ Kg5 47. g4 Qf8 48. Kg3 Qf4+ 0-1

[Event "TOP 16 Jeunes "]
[Site "Agneaux"]
[Date "2010.05.22"]
[Round "8.5"]
[White "Bellahcene, Bilel"]
[Black "Boudia, Samy"]
[Result "1-0"]
[WhiteElo "2119"]
[BlackElo "1652"]
[PlyCount "99"]
[EventDate "2010.05.23"]
[EventType "team-match"]
[EventCountry "FRA"]

1. e4 e6 2. d4 d5 3. Nc3 Nf6 4. e5 Nfd7 5. f4 c5 6. Nf3 Nc6 7. Be3 Qb6 8. Na4
Qa5+ 9. c3 b5 10. Nxc5 Nxc5 11. dxc5 b4 12. Qd3 Rb8 13. Nd4 Bd7 14. Nb3 Qc7 15.
c4 Ne7 16. Be2 g6 17. O-O Bg7 18. c6 Bxc6 19. cxd5 exd5 20. Nd4 O-O 21. Rac1
Qd7 22. Rfd1 Rfc8 23. h3 Qe8 24. Nxc6 Rxc6 25. Rxc6 Qxc6 26. Rc1 Qd7 27. Bg4
Qb7 28. Bc5 h5 29. Bf3 Rc8 30. Be3 Rxc1+ 31. Bxc1 Qd7 32. Be3 Nf5 33. Bf2 Ne7
34. g4 hxg4 35. hxg4 Qc6 36. Kg2 g5 37. f5 Bxe5 38. Qe3 f6 39. Qxa7 Bd6 40. a4
bxa3 41. bxa3 Bc7 42. a4 Qd6 43. a5 Qd8 44. Bb6 Bxb6 45. axb6 Nc8 46. Qb8 Qxb6
47. Qxc8+ Kg7 48. Qd7+ Kh8 49. Qe7 Qb2+ 50. Kh3 1-0

[Event "TOP 16 Jeunes "]
[Site "Agneaux"]
[Date "2010.05.22"]
[Round "8.6"]
[White "O'Sullivan, Nicolas"]
[Black "Pluvinage, Jerome"]
[Result "0-1"]
[WhiteElo "1572"]
[BlackElo "1580"]
[PlyCount "69"]
[EventDate "2010.05.23"]
[EventType "team-match"]
[EventCountry "FRA"]

1. e4 d5 2. d4 dxe4 3. Nc3 Nf6 4. f3 exf3 5. Qxf3 e6 6. Be3 Bb4 7. a3 Ba5 8. b4
Bb6 9. Rd1 c6 10. Bc4 O-O 11. Nge2 Nbd7 12. Bg5 Qe8 13. Bf4 e5 14. Be3 exd4 15.
Bxd4 Bxd4 16. Rxd4 Ne5 17. Qg3 Nxc4 18. Rxc4 Be6 19. Rh4 Bf5 20. O-O Bg6 21.
Qg5 Qe7 22. Qg3 Rfe8 23. Kh1 Rad8 24. Nf4 Qe3 25. Qxe3 Rxe3 26. Nxg6 hxg6 27.
Nb1 Rde8 28. Rhf4 Re1 29. Nd2 Rxf1+ 30. Rxf1 Re2 31. Rd1 Nd5 32. Nc4 Rxc2 33.
Nd6 b6 34. Ne4 Re2 35. Nc5 0-1

[Event "TOP 16 Jeunes "]
[Site "Agneaux"]
[Date "2010.05.22"]
[Round "8.7"]
[White "Schlegel, Nicolas"]
[Black "O'Sullivan, Thomas"]
[Result "0-1"]
[WhiteElo "1630"]
[BlackElo "1781"]
[PlyCount "98"]
[EventDate "2010.05.23"]
[EventType "team-match"]
[EventCountry "FRA"]

1. e4 e6 2. d4 d5 3. e5 c5 4. c3 Nc6 5. Nf3 Qb6 6. a3 f6 7. Bd3 cxd4 8. cxd4
fxe5 9. dxe5 Bd7 10. O-O Nge7 11. Nc3 g6 12. b4 Bg7 13. Qe2 Nd4 14. Nxd4 Qxd4
15. Bb2 Qxe5 16. Ne4 Qxb2 17. Nd6+ Kf8 18. Qf3+ Qf6 19. Qg3 Bc6 20. b5 e5 21.
bxc6 Qxd6 22. cxb7 Rb8 23. Qf3+ Bf6 24. Rab1 e4 25. Bxe4 dxe4 26. Qxe4 Kg7 27.
Rfd1 Qe5 28. Qg4 Rhd8 29. Rdc1 Qf5 30. Qg3 Be5 31. Qh4 Rd7 32. Qb4 Qf4 33. Qxf4
Bxf4 34. Rc4 Rbxb7 35. Rcc1 Bxc1 36. Rxc1 Rb3 37. a4 Rdb7 38. g3 Rb1 39. Rxb1
Rxb1+ 40. Kg2 Ra1 41. f4 Rxa4 42. Kh3 Rb4 43. Kh4 a5 44. Kg5 a4 45. g4 a3 46.
f5 gxf5 47. gxf5 Nxf5 48. Kxf5 a2 49. h4 a1=Q 0-1

[Event "TOP 16 Jeunes "]
[Site "Agneaux"]
[Date "2010.05.22"]
[Round "8.8"]
[White "O'Sullivan, Thomas"]
[Black "Guerin, Juliette"]
[Result "1-0"]
[WhiteElo "1781"]
[BlackElo "1590"]
[PlyCount "45"]
[EventDate "2010.05.23"]
[EventType "team-match"]
[EventCountry "FRA"]

1. d4 d5 2. c4 e6 3. Nc3 Nf6 4. Bg5 Be7 5. Nf3 c6 6. e3 Nbd7 7. Bd3 dxc4 8.
Bxc4 b5 9. Bd3 O-O 10. O-O a6 11. Qd2 c5 12. Rad1 Bb7 13. Qe2 Re8 14. Ne5 Rc8
15. f4 h6 16. Bh4 Nh7 17. Nxf7 Kxf7 18. Bxe7 Qxe7 19. Bxh7 g6 20. Qg4 Qf6 21.
d5 Nf8 22. dxe6+ Rxe6 23. f5 1-0

[Event "TOP 16 Jeunes "]
[Site "Agneaux"]
[Date "2010.05.22"]
[Round "8.1"]
[White "Lagarde, Maxime"]
[Black "Thon, Gabriel"]
[Result "1-0"]
[WhiteElo "2387"]
[BlackElo "2109"]
[PlyCount "59"]
[EventDate "2010.05.23"]
[EventType "team-match"]
[EventCountry "FRA"]

1. e4 c5 2. Nf3 e6 3. d4 cxd4 4. Nxd4 a6 5. Bd3 g6 6. O-O Bg7 7. Nf3 Nc6 8. Re1
Nge7 9. Bf4 d5 10. e5 O-O 11. Nbd2 f6 12. exf6 Bxf6 13. Bh6 Re8 14. c4 Qc7 15.
Qb3 Bd7 16. Rac1 Rac8 17. cxd5 exd5 18. Ne4 Bh8 19. Nc5 Na5 20. Qa3 Bf5 21.
Nxa6 Qd8 22. Bxf5 Nxf5 23. Rxe8+ Qxe8 24. Rxc8 Qxc8 25. Qxa5 Nxh6 26. Qxd5+ Nf7
27. Nc5 h6 28. g3 b6 29. Nd3 Bxb2 30. Nxb2 1-0

[Event "TOP 16 Jeunes "]
[Site "Agneaux"]
[Date "2010.05.22"]
[Round "8.2"]
[White "Gueriche, Guillaume"]
[Black "Ane, Cedric"]
[Result "1-0"]
[WhiteElo "2042"]
[BlackElo "2111"]
[PlyCount "71"]
[EventDate "2010.05.23"]
[EventType "team-match"]
[EventCountry "FRA"]

1. Nf3 Nf6 2. c4 e6 3. b3 b6 4. Bb2 Bb7 5. e3 Be7 6. Be2 O-O 7. O-O c5 8. Re1
Nc6 9. Bf1 d5 10. cxd5 Nxd5 11. Nc3 Nf6 12. a3 a6 13. Qc2 Qc7 14. Rac1 Rac8 15.
Red1 Rfd8 16. Ne2 Qb8 17. Ng3 h6 18. Qb1 Qa8 19. d4 Na5 20. dxc5 Bxf3 21. gxf3
bxc5 22. Bc3 Nc6 23. Bg2 Nd5 24. Ba1 Qb7 25. Nh5 Bf8 26. Qe4 Qxb3 27. Rd3 Qb8
28. Rcd1 c4 29. Qxc4 Ncb4 30. Qg4 Nxd3 31. Bxg7 Qb3 32. Rf1 Qc4 33. f4 Kh7 34.
Bxf8 Qc3 35. Bg7 Rg8 36. Be4+ 1-0

[Event "TOP 16 Jeunes "]
[Site "Agneaux"]
[Date "2010.05.22"]
[Round "8.3"]
[White "Kambrath, Yannick"]
[Black "Malka, Samuel"]
[Result "1-0"]
[WhiteElo "1995"]
[BlackElo "1904"]
[PlyCount "75"]
[EventDate "2010.05.23"]
[EventType "team-match"]
[EventCountry "FRA"]

1. d4 Nf6 2. c4 g6 3. Nc3 Bg7 4. e4 d6 5. f4 O-O 6. Nf3 c5 7. d5 e6 8. Be2 exd5
9. cxd5 Re8 10. Nd2 Na6 11. O-O Nc7 12. Re1 Rb8 13. a4 a6 14. a5 b5 15. axb6
Rxb6 16. Nc4 Rb4 17. e5 dxe5 18. d6 Nb5 19. fxe5 Nd7 20. Nd5 Nxe5 21. Nxb4 cxb4
22. Bf4 Nxc4 23. Bxc4 Bd4+ 24. Kh1 Rxe1+ 25. Qxe1 Nxd6 26. Bxd6 Qxd6 27. Rd1
Be6 28. Qh4 Bf2 29. Rxd6 Bxh4 30. Bxe6 fxe6 31. Rxe6 a5 32. b3 Kf7 33. Ra6 Bd8
34. Kg1 Kg7 35. Rd6 Bg5 36. Rd5 Be3+ 37. Kf1 Bb6 38. Rd6 1-0